|
|
|
|
| LEADER |
00000nab a2200000 a 4500 |
| 001 |
vtls000171176 |
| 003 |
SK-MaSNL |
| 005 |
20260303213753.0 |
| 008 |
160202c1983 xo 0 slo |
| 015 |
|
|
|a SNBRB19rr/mm-uuuuu
|
| 035 |
|
|
|a CL0181287
|
| 040 |
|
|
|a SNKBUCL
|b slo
|c SNKBUCL
|e AACR2
|
| 041 |
0 |
|
|a slo
|
| 044 |
|
|
|a xo
|c SK
|
| 080 |
|
|
|a 82:301
|2 1981
|
| 080 |
|
|
|a 301
|2 1981
|
| 080 |
|
|
|a 82
|2 1981
|
| 080 |
|
|
|a 655.4
|2 1981
|
| 080 |
|
|
|a 028
|2 1981
|
| 100 |
1 |
|
|a Pilař, Jan,
|d 1917-1996
|4 aut
|9 229301
|
| 245 |
1 |
0 |
|a O čitateľoch a literatúre
|c Jan Pilař
|
| 300 |
|
|
|b Fot. 1.
|
| 500 |
|
|
|a V rubrike Slovo má...
|
| 650 |
0 |
7 |
|a literárna tvorba
|2 snkbucl
|9 4226
|
| 655 |
|
7 |
|a články z novín a časopisov
|2 snkbucl
|9 267496
|
| 655 |
|
7 |
|a články z odboru literárna veda a krásna literatúra
|2 snkbucl
|9 770045
|
| 773 |
0 |
|
|t Život strany
|g Č. 14 (1983), s. 16
|
| 850 |
|
|
|a Slovenská národná knižnica v Martine
|a MTA001
|
| 852 |
|
|
|a SNK
|b KIS3GCP
|
| 958 |
|
|
|a RK
|
| 958 |
|
|
|a CZ
|
| 958 |
|
|
|a LX
|
| 958 |
|
|
|a SK
|
| 992 |
|
|
|a RBX
|
| 999 |
|
|
|c 2213813
|d 2215743
|